000 00563 a2200217 4500
005 20260423125837.0
008 260423b |||||||| |||| 00| 0 eng d
020 _a9781108791106
_cRs. 825.00
040 _aMAIN
082 _a530.12
_bG875I(3)
100 _a Griffiths, David J
245 _aIntroduction to quantum mechanics
250 _a3rd
260 _bCambridge University Press
_c2025
_aNew Delhi
300 _a495
650 _aPhysics
650 _aQuantum Theory
650 _aWave Mechanics
700 _aSchroeter, Darrell F
942 _cBK
999 _c396428
_d396428